• 首页
  • 本馆介绍
  • 公告通知
  • 最新文献
  • 馆藏检索
  • 电子资源
  • 读者导购
  • 参考咨询
  • 我的图书馆
  • 登录
  • 详细信息显示
  • 放入我的书架
  • 预约/预借图书
  • 作者相关作品
  • 分类相关作品
  • 丛书相关作品
  • 出版社相关作品

书目信息

  • 表格格式
  • 工作单格式
  • 卡片格式
题名:
旅游地理学
    
 
作者: 威廉斯 著 ;张凌云 译
分册:  
出版信息: 天津   南开大学出版社  2006
页数: 182页
开本: 21cm
丛书名:
单 册:
中图分类: F591.99 , F591
科图分类:
主题词: 旅游地理学--高等学校--教材 , 旅游地理学
电子资源:
ISBN: 7-310-02465-6
000 00985nam0 2200277 450
001 07079000455
005 20070721102155.60
010    @a7-310-02465-6@dCNY14.00
100    @a20060104d2006 em y0chiy0110 ea
101 1  @achi@ceng
102    @aCN@b120000
105    @aa z 000yy
200 1  @a旅游地理学@Alu^ you di li xue@e引进版@f(英) 斯蒂芬·威廉斯(Stephen Wynn Williams)著@g张凌云译
210    @a天津@c南开大学出版社@d2006
215    @a182页@c图@d21cm
300    @a高等院校旅游专业系列教材
306    @aTaylor & Francis Group授权出版
330    @a本书从地理学的角度对旅游现象进行研究,分析了国际和英国国内旅游发展的种种促进因素,特别着重地分析了旅游模式的发展演变和未来的发展趋势。
606 0  @a旅游地理学@x高等学校@j教材
606 0  @a旅游地理学
690    @aF591.99@v4
690    @aF591@v3
701  1 @a威廉斯@Awei lian si@c(Williams, Stephen Wynn)@4著
702  0 @a张凌云@Azhang ling yun@f(1960~)@4译
801  0 @aCN@bNLC@c20070721
905    @a10447@dF591@e175
    
    旅游地理学:引进版/(英) 斯蒂芬·威廉斯(Stephen Wynn Williams)著/张凌云译.-天津:南开大学出版社,2006
    182页:图;21cm
    高等院校旅游专业系列教材
    
    ISBN 7-310-02465-6:CNY14.00
    本书从地理学的角度对旅游现象进行研究,分析了国际和英国国内旅游发展的种种促进因素,特别着重地分析了旅游模式的发展演变和未来的发展趋势。
●
相关链接 在E读中查询图书 在五车中查询图书 在当当中查询图书 在豆瓣中查询图书


正题名:旅游地理学     索取号:F591/175         预约/预借

序号 登录号 条形码 馆藏地/架位号 状态 备注
1 0822722   208227220   第一样本阅览室/ [索取号:F591/175] 在馆    
2 0822723   208227239   第一借阅区/ [索取号:F591/175] 在馆    
3 0822724   208227248   第一借阅区/ [索取号:F591/175] 在馆    
4 0822725   208227257   第一借阅区/ [索取号:F591/175] 在馆    
5 0822726   208227266   第一借阅区/ [索取号:F591/175] 在馆    
唐山师范学院图书馆 欢迎您!
大连网信软件有限公司© 版权所有